| 000 | 00515nam a2200169 a 4500 | ||
|---|---|---|---|
| 001 | 000035861 | ||
| 005 | 20200930074655.0 | ||
| 008 | 111115s1964 fr 000 0 spa d | ||
| 040 |
_aDO-SdBNP _bspa _cBNPHU |
||
| 100 | 1 |
_aBoyancé, Pierre _961844 |
|
| 245 | 1 | 0 |
_aLucréce : _bsa vie, son ceuvre / _cexpose de sa philosophie par Pierre Boyancé. |
| 260 |
_aParis : _bPresses Universitaires de France, _c1964. |
||
| 300 |
_a108 p. ; _c22 cm. |
||
| 490 | 1 | _aPhilosophes | |
| 830 | 0 |
_aPhilosophes _961124 |
|
| 049 | _aBNPD | ||
| 999 |
_c35352 _d35352 |
||